আচার্য প্রফুল্লচন্দ্র / (Record no. 55717)
[ view plain ]
| 000 -LEADER | |
|---|---|
| fixed length control field | 00831nam a2200229 a 4500 |
| 001 - CONTROL NUMBER | |
| control field | 55717 |
| 003 - CONTROL NUMBER IDENTIFIER | |
| rucl marc code | BD-RjUL |
| 005 - DATE AND TIME OF LATEST TRANSACTION | |
| control field | 20211209080314.0 |
| 008 - FIXED-LENGTH DATA ELEMENTS--GENERAL INFORMATION | |
| fixed length control field | 161121s1961 ii ||||| |||| 00| 0 ben d |
| 035 ## - SYSTEM CONTROL NUMBER | |
| System control number | (BD-RjUL)55841 |
| 040 ## - CATALOGING SOURCE | |
| Original cataloging agency | BD-RjUL |
| Language of cataloging | ben |
| Transcribing agency | BD-RjUL |
| 041 ## - LANGUAGE CODE | |
| Language code of text/sound track or separate title | ben |
| 082 ## - DEWEY DECIMAL CLASSIFICATION NUMBER | |
| Edition number | 23 |
| Classification number | 925 |
| Author mark and year | BAA 1961 |
| 100 ## - MAIN ENTRY--PERSONAL NAME | |
| Personal name | বাগচি, মণি |
| 9 (RLIN) | 165942 |
| 245 10 - TITLE STATEMENT | |
| Title | আচার্য প্রফুল্লচন্দ্র / |
| Statement of responsibility, etc. | মণি বাগচি |
| 260 ## - PUBLICATION, DISTRIBUTION, ETC. (IMPRINT) | |
| Place of publication, distribution, etc. | কলিকাতা : |
| Name of publisher, distributor, etc. | জিজ্ঞাসা, |
| Date of publication, distribution, etc. | ১৯৬১ |
| 300 ## - PHYSICAL DESCRIPTION | |
| Pagination | [৬], ২০০ পৃ. : |
| Illustrations | চিত্র ; |
| Size | ২১ সেমি . |
| 600 ## - SUBJECT ADDED ENTRY--PERSONAL NAME | |
| Personal name | প্রফুল্লচন্দ্র, আচার্য |
| 650 ## - SUBJECT ADDED ENTRY--TOPICAL TERM | |
| Topical term or geographic name as entry element | বিজ্ঞানী |
| 9 (RLIN) | 165943 |
| Topical term or geographic name as entry element | Scientists |
| 9 (RLIN) | 165944 |
| 942 ## - ADDED ENTRY ELEMENTS (KOHA) | |
| Source of classification or shelving scheme | Dewey Decimal Classification |
| Koha item type | Books |
| Lost status | Source of classification or shelving scheme | Damaged status | Not for loan | Collection code | Permanent Location | Current Location | Shelving location | Date acquired | Source of acquisition | Total Checkouts | Full call number | Date last seen | Copy number | Koha item type | Cost, normal purchase price |
|---|---|---|---|---|---|---|---|---|---|---|---|---|---|---|---|
| Dewey Decimal Classification | Non-fiction | Central Library, University of Rajshahi | Central Library, University of Rajshahi | 18/08/1973 | Varotio High Comissioner, Rajshahi | B 925 BAA 1961 | 21/11/2016 | C-2 | Books | ||||||
| Dewey Decimal Classification | Not For Loan | Non-fiction | Central Library, University of Rajshahi | Central Library, University of Rajshahi | Reading Room | 06/11/1974 | Jonathan Wren and co., London | B 925 BAA 1961 | 23/02/2017 | C-1 | Books | 4.50 |